| 000 | 00637nam a2200217 i 4500 | ||
|---|---|---|---|
| 001 | 40934 | ||
| 003 | ES-MaACL | ||
| 005 | 20250710062720.0 | ||
| 007 | t| | ||
| 008 | 030307s1958 fr ||||1| fre d | ||
| 100 | 1 |
_aCarloni, Jean-Charles. _935292 |
|
| 245 | 1 | 3 |
_aLa critique littéraire / _cpar J.-C. Carloni et Jean-C. Filloux. |
| 250 | _a2eme ed. | ||
| 260 |
_aParis : _bPresses Universitaires de France, _c1958. |
||
| 300 |
_a118 p. ; _c18 cm. |
||
| 490 | 1 |
_aQue sais-je? ; _v664 |
|
| 700 | 1 |
_aFilloux, Jean-C. _950851 |
|
| 830 | 0 | 0 |
_aQue sais-je? _v664 _9180931 |
| 852 |
_aES-MaACL _jC-15971 _bR.43477 |
||
| 999 |
_c40934 _d40934 |
||